000 01612nam a22003017a 4500
005 20100806105432.0
010 _aENG-98515 B-424633-636
020 _a9780071067140
_c325.00
020 _a0071067140
_c325.00
035 _aEN-82048 B-424633-636
037 _bDBAD/PUB
037 _bBlueberry/Ven
082 _a510
100 _aSimpson, Andrew
_928571
245 _aDiscrete mathematics by example /
_cby Andrew Simpson
260 _aNew Delhi
_bTata McGraw-Hill
_c2010
270 _a7 West Patel Nagar
_bNew Delhi
_e110008
300 _aix,449p.
_c23cm (pbk)
500 _aIncludes bibliographical references and index
650 _aMathematics
_928572
942 _2ddc
_cEN
_mSIM
_h510
999 _c39616
_d39616